Čistá súčasná hodnota a analýza senzitívnosti bakalárska práca

Enregistré dans:
Détails bibliographiques
Auteur principal: Hevesová, Alexandra
Collectivité auteur: Fakulta hospodárskej informatiky EU. Katedra matematiky
Autres auteurs: Starečková, Anna
Format: Livre
Langue:slovaque
Publié: Bratislava 2010
Tags: Ajouter un tag
Pas de tags, Soyez le premier à ajouter un tag!

MARC

LEADER 00000nam$a2200000$$$4500
001 0129313
005 20240320073633.6
041 0 |a slo 
044 |a SK 
245 1 0 |a Čistá súčasná hodnota a analýza senzitívnosti  |b bakalárska práca  |c Alexandra Hevesová ; školiteľ: Anna Starečková 
264 1 |a Bratislava  |c 2010 
300 |a 34 s. 
100 1 |a Hevesová, Alexandra 
700 1 |a Starečková, Anna 
710 2 |a Fakulta hospodárskej informatiky EU. Katedra matematiky